Geography Quiz

Random Geography or City Quiz

College Towns III Quiz Stats

 Plays Quiz Updated Dec 23, 2013

Support Sporcle.
Go Orange.
Score 0/28 Timer 08:00
1 Play Today
School Town % Correct
University of HawaiʻiHonolulu, HI
85.2%
Columbia UniversityNew York, NY
83.3%
University of Southern CaliforniaLos Angeles, CA
79.8%
Georgia Institute of Technology (Georgia Tech)Atlanta, GA
79.2%
Tulane UniversityNew Orleans, LA
76.6%
Florida State UniversityTallahassee, FL
76%
North Carolina State UniversityRaleigh, NC
70.1%
Brown UniversityProvidence, RI
66.8%
Southern Methodist UniversityUniversity Park, TX
64.1%
University of New MexicoAlbuquerque, NM
60.5%
University of South FloridaTampa, FL
58.2%
University of IowaIowa City, IA
55.2%
Creighton UniversityOmaha, NE
50.8%
University of VermontBurlington, VT
45.2%
School Town % Correct
Northern Arizona UniversityFlagstaff, AZ
45%
University of ConnecticutStorrs, CT
44.9%
Oklahoma State UniversityStillwater, OK
43.4%
The CitadelCharleston, SC
41.6%
Pepperdine UniversityMalibu, CA
41.4%
Colorado State UniversityFort Collins, CO
40.5%
Belmont UniversityNashville, TN
39.1%
University of WyomingLaramie, WY
38.4%
College of William and MaryWilliamsburg, VA
36.5%
University of MontanaMissoula, MT
34.3%
Washington State UniversityPullman, WA
33.9%
Mississippi State UniversityStarkville, MS
31.5%
College of the Holy CrossWorcester, MA
25.4%
George Mason UniversityFairfax, VA
23.8%

You're not logged in!

Compare scores with friends on all Sporcle quizzes.
OR
Log In

From the Vault

Name the Game

by Ben

Hint: timer, map, screaming at your computer...
Remove Ads.
Support Sporcle.
Get the best of Sporcle when you Go Orange. This ad-free experience offers more features, more stats, and more fun while also helping to support Sporcle. Thank you for becoming a member.

Show Comments

Extras

Top Quizzes Today


Score Distribution

Your Account Isn't Verified!

In order to create a playlist on Sporcle, you need to verify the email address you used during registration. Go to your Sporcle Settings to finish the process.

Report this User

Report this user for behavior that violates our Community Guidelines.

Details: